#1 Hits der 1980er-Jahre in Österreich - Statistiken

Allgemein
  • Dieses Quiz wurde 229 mal gespielt
  • Das Durchschnittsergebnis liegt bei 36 aus 102
Antwortstatistiken
#1's Artist % Korrekt
3 Falco
98%
1 Nena
90%
3 Modern Talking
84%
1 A-ha
78%
2 Erste Allgemeine Verunsicherung
78%
2 Queen
78%
1 Europe
75%
4 Rainhard Fendrich
75%
1 Peter Schilling
73%
1 David Hasselhoff
72%
1 Madonna
72%
1 Opus
71%
1 Phil Collins
71%
1 Geier Sturzflug
69%
1 Spider Murphy Gang
69%
1 Nicole
68%
1 Pink Floyd
67%
1 Münchener Freiheit
66%
1 S.T.S.
61%
1 Nino de Angelo
59%
1 Mike Krüger
58%
2 Milli Vanilli
57%
1 ABBA
54%
2 Stevie Wonder
54%
1 F. R. David
53%
1 Status Quo
53%
1 Tauchen – Prokopetz (DÖF)
53%
1 Pet Shop Boys
52%
1 Bee Gees
50%
2 Peter Cornelius
49%
1 Sandra
48%
1 Trio
48%
2 Mike Oldfield
47%
1 Culture Club
46%
1 Band Aid
45%
1 Bobby McFerrin
42%
1 Chris Norman
42%
1 Andy Borg
41%
1 France Gall
41%
1 Laura Branigan
41%
1 Olivia Newton-John & Electric Light Orchestra
39%
1 Kaoma
37%
1 Eros Ramazzotti
35%
1 Stars On 45
35%
2 Goombay Dance Band
34%
1 Barbra Streisand
32%
1 Desireless
32%
1 Edelweiss
32%
1 Gazebo
32%
1 Laid Back
32%
1 Fine Young Cannibals
31%
1 Lipps, Inc.
31%
1 Jennifer Rush
30%
1 Black
28%
1 Robin Beck
26%
1 Stefan Waggershausen & Alice
26%
1 Taylor Dayne
26%
1 Shakin’ Stevens
25%
1 The Buggles
25%
1 John Lennon
24%
1 Kenny Rogers & Dolly Parton
24%
1 Fred Sonnenschein und seine Freunde
23%
1 Steve Miller Band
23%
1 Paul Hardcastle
22%
1 Relax
22%
1 Bucks Fizz
21%
1 Doctor & the Medics
19%
1 Richard Sanderson
19%
1 Ludwig Hirsch
18%
1 Holly Johnson
16%
1 Joesi Prokopetz
16%
1 Oliver Onions
16%
1 Bruce & Bongo
15%
2 Frank Duval (& Orchestra)
14%
1 Hans Orsolics
14%
1 Joe Dolce Music Theatre
14%
1 Jona Lewie
14%
1 Bad Boys Blue
13%
1 Men Without Hats
12%
1 Rose Laurens
12%
1 Thomas Forstner
12%
1 Jive Bunny & the Mastermixers
11%
1 Bilgeri
10%
1 O. K.
10%
1 Guillermo Marchena
9%
1 Joy
9%
1 Mixed Emotions
9%
1 Scotch
9%
1 Dew Mitch (Hansi Dujmic)
8%
1 KGB (Kurt Gober Band)
8%
1 Masquerade
8%
1 Tony Esposito
7%
1 Ecco
6%
1 Francesco Napoli
6%
1 Bonnie Bianco
5%
1 Mess
5%
1 Peter Kent & Luisa Fernandez
5%
1 Austria für Afrika
4%
1 José Feliciano & VSOP
4%
1 Curacao
2%
1 Etta Scollo
2%
1 Anita
1%
Keine übereinstimmenden Quizze gefunden
Verteilung der Resultate
Anzahl Personen mit jedem Resultat
Perzentil nach korrekt beantworteten Fragen
Ihre Resultats-Entwicklung
Sie haben dieses Quiz noch nicht gespielt